| 000 | 00661nam a22002417a 4500 | ||
|---|---|---|---|
| 003 | UA-OsUOA | ||
| 001 | 20558 | ||
| 007 | ta | ||
| 008 | 20031101b un ||||| |||| 00| 0 ukr d | ||
| 100 | _aСегал Петро Юхимович | ||
| 090 |
_a91.375(477) _bС17 |
||
| 942 | _cBK | ||
| 040 |
_aUA-OsUOA _bukr _cUA-OsUOA _dUA-OsUOA |
||
| 245 |
_aКоломия _bПутівник _cРед. О.О.НовічковаПер. М.Г.Крайзман |
||
| 300 |
_a96 с. _bІлюстрації |
||
| 955 | _a0 | ||
| 041 | _aukr | ||
| 080 | _a91.375(477) | ||
| 260 |
_aУжгород _bКарпати _c1974 |
||
| 044 | _aUA | ||
| 650 | 7 | _2UDC | |
| 999 |
_c306738 _d306738 |
||